00247 a2200109 4500001000700000020000600007040001100013100002300024240004300047245003800090362000900128166984 a  cMagnum aKohan, Walter Omar10aFilosofia na escola publica - v.5lpor10aFilosofia na escola publica - v.50 a1899